| 000 | 00613cab a2200181 4500 | ||
|---|---|---|---|
| 001 | WB2722-32 | ||
| 008 | 090401t1991 xxu||||| |||| 00| 0 eng d | ||
| 035 | _a(Sirsi) u1973 | ||
| 041 | _aeng | ||
| 245 | _aRecovery in price of houses | ||
| 260 | _c1991 | ||
| 350 | _a0 | ||
| 490 |
_aFinancial Times _v4/6/91 p8 |
||
| 520 | _aHouse prices rose by 2% on average in May compared with the previous month according to Nationwide Anglia whose figures are used as an index for the Property Futures market. | ||
| 690 | _aPROPERTY-RESIDENTIAL PROPERTY-RESIDENTIAL PROPERTY MARKET | ||
| 942 | _n0 | ||
| 948 | _c04/03/1997 | ||
| 999 |
_c1163 _d1163 |
||